000 00678nam a2200289Ia 4500
005 20260324111503.0
008 008 260324s9999 xx 000 0 eng d
020 _a9781003457022
037 _aEBOOK
040 _aCRL
040 _beng
040 _cCRL
041 _2eng
041 _aeng
084 _qCRL
100 _aRicardo Laleff Ilieff
_91138766
245 0 _aPowers of Abjection
245 0 _bPolitics and Lacanian Ontology
260 _bTaylor and Francis
260 _c2025
365 _a
365 _b83.99
856 _uhttp://www.taylorfrancis.com/books/9781003457022
942 _cEBOOK
999 _c1727608
_d1727608